00926nam a2200241 u 450000100070000000500170000700800410002403500110006504000130007604100080008908200080009710000430010524501230014826000430027130000140031465000250032865000350035365000250038865000270041365000400044070000410048050001630052113287020260506072825.0970715s1996 ||||||m| spa  a132870 ccomduadb aspa 4a65810aRobledo Arango, Jorge Alonso4auteaut10aRevolucion de la calidad, la productividad y la competitividad en la central hidroelectrica de Caldas S.A. Chec E.S.P. aMedellín :b[sin publicador],c1996. a178 hojas 7aCalidad total2embne 7aProductividad industrial2lemb 7aCompetitividad2lemb 7aDesarrollo humano2dcs aCentral Hidroelectrica Caldas S. A.10aVillada Lopez, Oscar Dario4auteaut aTesis (Especialista en Alta Gerencia con Énfasis en Calidad) Universidad de Antioquia. Departamento de Ingeniería Industrial - Título del grado otorgado